| 000 | 00621cam a22001934a 4500 | ||
|---|---|---|---|
| 020 | _a9780393934151 (pbk.) | ||
| 020 | _a0393934152 (pbk.) | ||
| 040 | _cDLC | ||
| 082 | 0 | 0 | _a780 WWN 2011 A114 Or. |
| 100 | 1 | _aForney, Kristine. | |
| 245 | 1 | 4 |
_aThe enjoyment of music : _ban introduction to perceptive listening / |
| 250 | _a11th ed., shorter version. | ||
| 260 |
_aNew York : _bW. W. Norton, _cc2011. |
||
| 300 |
_axxxiii, 428, 59 p. : _bill. (chiefly col.), col. maps, music, ports. (some col.) ; _c28 cm. |
||
| 500 | _aIncludes index. | ||
| 650 | 0 | _aMusic appreciation. | |
| 700 | 1 | _aMachlis, Joseph, | |
| 942 | _cEK | ||
| 999 |
_c17451 _d17451 |
||